000 00476nam a2200181Ia 4500
001 25458
005 20260414151151.0
008 260414t1996||||xx |||||||||||||| ||spa||
041 _aESP
082 _a346.5
_bZ945A
100 _aZimmermann, Reinhard
_eAUT
245 4 _aThe law of obligations :
_broman foundations of the civilian tradition
260 _c1996
300 _alxiv, 1241 páginas :
_c23 cm.
650 _aDER
654 _aCDE
942 _cLIB
_dJUS
_fJUS
_2ddc
_n
999 _c25458
_d25458